Bundesstaaten der USA • A-Z - Statistiken

Allgemein
  • Dieses Quiz wurde 2.866 mal gespielt
  • Das Durchschnittsergebnis liegt bei 17 aus 19
Antwortstatistiken
US-Bundesstaat % Korrekt
A Alabama | Alaska | Arizona | Arkansas
99%
N Nebraska | Nevada | New Hampshire | New Jersey | New Mexico | New York | North Carolina | North Dakota
97%
W Washington | West Virginia | Wisconsin | Wyoming
96%
K Kalifornien | Kansas | Kentucky
95%
O Ohio | Oklahoma | Oregon
95%
I Idaho | Illinois | Indiana | Iowa
94%
M Maine | Maryland | Massachusetts | Michigan | Minnesota | Mississippi | Missouri | Montana
94%
T Tennessee | Texas
92%
U Utah
90%
F Florida
89%
S South Carolina | South Dakota
87%
V Vermont | Virginia
87%
C Colorado | Connecticut
86%
G Georgia
86%
H Hawaii
85%
P Pennsylvania
82%
D Delaware
78%
L Louisiana
75%
R Rhode Island
74%
Keine übereinstimmenden Quizze gefunden
Verteilung der Resultate
Anzahl Personen mit jedem Resultat
Perzentil nach korrekt beantworteten Fragen
Ihre Resultats-Entwicklung
Sie haben dieses Quiz noch nicht gespielt